[Event "MDA-ch"]
[Site "Kishinev"]
[Date "2012.02.17"]
[Round "8"]
[White "Gostev, Serghei"]
[Black "Vedmediuc, Serghei"]
[Result "0-1"]
[WhiteElo "2361"]
[BlackElo "2468"]
[PlyCount "78"]
[EventDate "2012.02.07"]
[EventType "tourn"]
[EventRounds "11"]
[EventCountry "MDA"]
[SourceTitle "EXT 2014"]
[Source "ChessBase"]
[SourceDate "2013.11.20"]
[SourceVersion "1"]
[SourceVersionDate "2013.11.20"]
[SourceQuality "1"]

1. d4 g6 2. c4 Bg7 3. Nc3 d6 4. Nf3 Bg4 5. e3 e5 6. dxe5 dxe5 7. Qxd8+ Kxd8 8. Ng5 Nh6 9. Be2 Bd7 10. 0-0 f6 11. Nge4 Nf7 12. Rd1 Kc8 13. Nd5 f5 14. Nc5 c6 15. Nc3 e4 16. Bd2 b6 17. Nxd7 Nxd7 18. f3 exf3 19. gxf3 Kc7 20. Be1 Rae8 21. Bg3+ Be5 22. Kf2 Re7 23. Bf1 h5 24. Bxe5+ Ndxe5 25. h3 g5 26. f4 Ng6 27. Re1 Rc8 28. fxg5 Nxg5 29. Rad1 Rf8 30. Bg2 Ne5 31. b3 Rg7 32. Rg1 Nef3 33. h4 Nxh4 34. Ne2 Ng6 35. Rh1 f4 36. Rxh5 fxe3+ 37. Kxe3 Re8+ 38. Kd3 Rxe2 39. Kxe2 Nf4+ 0-1

[Event "MDA-ch"]
[Site "Kishinev"]
[Date "2010.01.24"]
[Round "9"]
[White "Bargan, Sergei"]
[Black "Gostev, Serghei"]
[Result "1/2-1/2"]
[WhiteElo "2299"]
[BlackElo "2304"]
[PlyCount "29"]
[EventDate "2010.01.16"]
[EventType "tourn"]
[EventRounds "9"]
[EventCountry "MDA"]
[EventCategory "4"]
[SourceTitle "CBM 134 Extra"]
[Source "ChessBase"]
[SourceDate "2010.03.03"]
[SourceVersion "1"]
[SourceVersionDate "2010.03.03"]
[SourceQuality "1"]

1. d4 Nf6 2. c4 e6 3. Nc3 d5 4. Nf3 c6 5. Bg5 h6 6. Bh4 g5 7. Bg3 dxc4 8. e4 b5 9. Be2 Bb7 10. 0-0 Bb4 11. Qc2 Nbd7 12. d5 cxd5 13. exd5 Nxd5 14. Nxb5 Qb6 15. Bxc4 1/2-1/2

[Event "MDA-ch"]
[Site "Kishinev"]
[Date "2009.01.27"]
[Round "12"]
[White "Gostev, Serghei"]
[Black "Soltanici, Ruslan"]
[Result "0-1"]
[WhiteElo "2256"]
[BlackElo "2400"]
[PlyCount "152"]
[EventDate "2009.01.16"]
[EventType "tourn"]
[EventRounds "13"]
[EventCountry "MDA"]
[EventCategory "3"]
[SourceTitle "EXT 2010"]
[Source "ChessBase"]
[SourceDate "2010.11.25"]
[SourceVersion "1"]
[SourceVersionDate "2010.11.25"]
[SourceQuality "1"]

1. d4 d5 2. Nf3 Nf6 3. c4 dxc4 4. e3 e6 5. Bxc4 a6 6. 0-0 c5 7. Nc3 b5 8. Be2 Bb7 9. b3 Nbd7 10. Bb2 Be7 11. dxc5 Bxc5 12. a4 b4 13. Nb1 0-0 14. a5 Qe7 15. Nbd2 Rfd8 16. Bc4 Nd5 17. Bxd5 Bxd5 18. Rc1 Rac8 19. Qe2 Bb7 20. Rfd1 Ba7 21. Rxc8 Bxc8 22. Rc1 Nf6 23. Ne5 Bb7 24. Nc6 Bxc6 25. Rxc6 Qd7 26. Bxf6 gxf6 27. Rc2 Qd3 28. Qxd3 Rxd3 29. Kf1 Rc3 30. Ra2 f5 31. Ke2 Bb8 32. Kd1 Bc7 33. Ra4 Bd6 34. Ra2 Bc7 35. Nb1 Rc5 36. Ra4 Rxa5 37. Rxb4 Ra1 38. Kc1 Ra2 39. Nd2 Bxh2 40. g3 Bg1 41. Rf4 Kg7 42. Kd1 Kg6 43. g4 Bh2 44. gxf5+ exf5 45. Rb4 Be5 46. Rb6+ f6 47. f4 Bc3 48. Nb1 Ba1 49. Rb8 h5 50. Rh8 Rh2 51. Nd2 Kg7 52. Ra8 Bc3 53. Nf3 Rh1+ 54. Ke2 a5 55. Rc8 Bb4 56. Kf2 Rb1 57. Nd4 Kf7 58. Kg3 Be1+ 59. Kf3 Bb4 60. Rh8 Bc5 61. Nxf5 Rxb3 62. Rc8 Rc3 63. Ra8 Bb4 64. Ra7+ Ke6 65. Ng7+ Kd5 66. Nxh5 Rc6 67. Ke2 Kc4 68. f5 Kb3 69. Nf4 Rc2+ 70. Kf3 Rc5 71. e4 a4 72. Nd5 a3 73. Rb7 Rxd5 74. exd5 a2 75. d6 a1Q 76. d7 Qd4 0-1

[Event "MDA-ch"]
[Site "Kishinev"]
[Date "2009.01.18"]
[Round "3"]
[White "Nevednichy, Boris M"]
[Black "Gostev, Serghei"]
[Result "1/2-1/2"]
[WhiteElo "2305"]
[BlackElo "2256"]
[PlyCount "215"]
[EventDate "2009.01.16"]
[EventType "tourn"]
[EventRounds "13"]
[EventCountry "MDA"]
[EventCategory "3"]
[SourceTitle "EXT 2010"]
[Source "ChessBase"]
[SourceDate "2010.11.25"]
[SourceVersion "1"]
[SourceVersionDate "2010.11.25"]
[SourceQuality "1"]

1. e4 c5 2. Nf3 Nc6 3. Bb5 e5 4. Bxc6 dxc6 5. d3 Bd6 6. Be3 Ne7 7. Nbd2 f6 8. Nc4 Bg4 9. h3 Bh5 10. g4 Bf7 11. Nh4 b6 12. Nf5 Nxf5 13. gxf5 Bc7 14. Qg4 Rg8 15. Qh4 h6 16. Rg1 Qe7 17. a4 a5 18. b3 b5 19. Nd2 Rd8 20. Rg3 h5 21. Ke2 Qf8 22. Rg2 Qd6 23. Kf1 Ke7 24. f3 Bb6 25. Qf2 Rc8 26. Ke2 g5 27. fxg6 Rxg6 28. Rxg6 Bxg6 29. Rg1 Bf7 30. Qh4 Rh8 31. f4 Bc7 32. fxe5 Qxe5 33. Rf1 Rg8 34. Bxc5+ Kd7 35. d4 Rg2+ 36. Rf2 Rxf2+ 37. Qxf2 Qe6 38. Qf5 Qxf5 39. exf5 Bd5 40. Ke3 Bg2 41. Ne4 Bxh3 42. Nxf6+ Kd8 43. Nxh5 Bxf5 44. Kd2 bxa4 45. bxa4 Kd7 46. Kc3 Bg6 47. Nf6+ Kc8 48. Ng4 Kb7 49. Ne3 Bg3 50. Nc4 Ka6 51. Bd6 Be1+ 52. Kb2 Bf7 53. Ne5 Bd5 54. Nd3 Bh4 55. Nc5+ Kb6 56. Bf4 Be7 57. Nb3 Bb4 58. Bg5 Kc7 59. c3 Bd6 60. Nxa5 Bf3 61. Nb3 Bd1 62. Bf6 Bf8 63. Bg5 Bd6 64. Bd2 Kb6 65. c4 Be7 66. Ba5+ Kb7 67. Bd2 Kb6 68. c5+ Ka6 69. Bf4 Bd8 70. Bd2 Bc7 71. Ka3 Bd8 72. Bc3 Bg5 73. Na5 Bf3 74. Nc4 Bd5 75. Ne5 Bd8 76. Nd3 Be4 77. Nb4+ Kb7 78. Kb3 Bf3 79. Nd3 Bd1+ 80. Ka3 Bf3 81. Ne5 Bd5 82. Ng4 Bf3 83. Ne3 Bg5 84. Nc2 Bd1 85. Kb2 Bd8 86. Kc1 Bf3 87. Bd2 Ka6 88. Nb4+ Kb7 89. Nd3 Be4 90. Nb2 Bf6 91. Be3 Ka6 92. Kd2 Bd8 93. Kc3 Ba5+ 94. Kb3 Bd5+ 95. Ka3 Be1 96. Nd3 Ba5 97. Nf4 Bf7 98. Nd3 Bc4 99. Ne5 Bd5 100. Ng6 Bc3 101. Ne7 Bf3 102. Kb3 Be1 103. Bf4 Kb7 104. d5 Bxd5+ 105. Nxd5 cxd5 106. Be3 Kc6 107. Bd4 Bd2 108. Kc2 1/2-1/2

[Event "Kishinev Binefacere op"]
[Site "Kishinev"]
[Date "2007.04.26"]
[Round "6"]
[White "Bargan, Sergei"]
[Black "Gostev, Serghei"]
[Result "1/2-1/2"]
[WhiteElo "2350"]
[BlackElo "2132"]
[PlyCount "117"]
[EventDate "2007.04.21"]
[EventType "swiss"]
[EventRounds "9"]
[EventCountry "MDA"]
[SourceTitle "CBM 118 Extra"]
[Source "ChessBase"]
[SourceDate "2007.07.04"]
[SourceVersion "1"]
[SourceVersionDate "2007.07.04"]
[SourceQuality "1"]

1. d4 Nf6 2. c4 g6 3. Nc3 Bg7 4. e4 d6 5. f3 0-0 6. Nge2 a6 7. Be3 Nc6 8. Qd2 Rb8 9. Nc1 e5 10. d5 Nd4 11. N1e2 Nxe2 12. Bxe2 Nh5 13. 0-0-0 f5 14. g3 Nf6 15. Bd3 Bd7 16. h3 Nh5 17. Ne2 Nxg3 18. Rhg1 Nxe2+ 19. Bxe2 f4 20. Bf2 Bf6 21. Qe1 Bxh3 22. Kb1 Bd7 23. c5 Qe8 24. cxd6 cxd6 25. Qb4 Qe7 26. Rc1 b5 27. Qa5 Ra8 28. Rc7 g5 29. Be1 Qd8 30. Bb4 Be7 31. Qb6 Rc8 32. Rb7 Rb8 33. Qxd8 Rfxd8 34. Ra7 Ra8 35. Rb7 a5 36. Bxb5 Bxb5 37. Rxe7 Kf8 38. Rxe5 axb4 39. Rexg5 Be8 40. Rf5+ Bf7 41. Rxf4 Ra7 42. Rf6 Ke7 43. Rh6 Rg8 44. Rxg8 Bxg8 45. b3 Ra8 46. Kb2 Rf8 47. Rh3 Kf6 48. a3 bxa3+ 49. Kxa3 Kg5 50. Kb4 h5 51. Kb5 Rc8 52. b4 Bf7 53. Ka6 Be8 54. b5 Bd7 55. Rg3+ Kf4 56. Rg7 Bxb5+ 57. Kxb5 Kxf3 58. Rg6 Kxe4 59. Rxd6 1/2-1/2